| 000 | 00897nam a2200217Ia 4500 | ||
|---|---|---|---|
| 999 |
_c48464 _d48464 |
||
| 003 | GCL | ||
| 005 | 20240530104535.0 | ||
| 008 | 140319s9999 xx 000 0 ara d | ||
| 040 |
_aGCL / _cGCL |
||
| 082 | 0 | 4 |
_a598.2 _bع م |
| 100 | 0 | _aعدد من العلماء والباحثين | |
| 245 | 1 | 0 |
_aموسوعة الطيور فى العالم / _cتاليف عدد من العلماء والباحثين ؛ اعداد زويا ميخائيلينكو ؛ ترجمة سميح شيا ؛ اشراف ومراجعة وتدقيق ماجد علاءالدين |
| 300 | _a583 ص | ||
| 490 |
_aالهيئة العامة للاستعلامات _v0 |
||
| 650 | 0 | 4 | _aالطيور |
| 650 | 0 | 4 | _aالطيور - موسوعات |
| 700 | 1 |
_aميخائيلينكو,زويا _eمعد |
|
| 700 | 1 |
_aسميح شيا _eمترجم |
|
| 700 | 1 |
_aماجد علاءالدين _eمشرف ومراجع |
|
| 942 |
_2ddc _cBK |
||